[Event "SR 4. liga A21 2009/2010"]
[Site "?"]
[Date "2009.10.25"]
[Round "2.2"]
[White "Husek, Lubomir"]
[Black "Jozefek, Michal"]
[Result "0-1"]
[WhiteElo "1749"]
[BlackElo "1902"]
[PlyCount "60"]
[EventDate "2010.??.??"]

1. e4 c5 2. Nf3 d6 3. d4 cxd4 4. Nxd4 Nf6 5. Nc3 Nc6 6. Be2 e6 7. Be3 a6 8. O-O
Be7 9. f4 O-O 10. Qe1 Qc7 11. Qg3 Rd8 12. Rad1 Bd7 13. a3 Nxd4 14. Bxd4 Bc6 15.
Kh1 b5 16. Bd3 Qb7 17. e5 dxe5 18. Bxe5 Ne8 19. f5 f6 20. Bf4 e5 21. Bc1 Nd6
22. Rde1 Bf8 23. Rf2 Rac8 24. Qh4 Rd7 25. Qg4 Rcd8 26. Rfe2 a5 27. Ne4 Nxe4 28.
Bxe4 Rd4 29. Qf3 Bxe4 30. Rxe4 Qxe4 0-1

[Event "SR 4. liga A21 2009/2010"]
[Site "?"]
[Date "2009.10.25"]
[Round "2.2"]
[White "Klimes, Karel"]
[Black "Nemeckayova, Monika"]
[Result "0-1"]
[WhiteElo "1531"]
[BlackElo "1751"]
[PlyCount "84"]
[EventDate "2010.??.??"]

1. e4 c5 2. Nf3 d6 3. Nc3 Nc6 4. d4 cxd4 5. Nxd4 Nf6 6. Nxc6 bxc6 7. Bc4 g6 8.
e5 Nd7 9. exd6 exd6 10. Qf3 Ne5 11. Qe2 Qh4 12. Bb3 Bg7 13. Qe4 Qxe4+ 14. Nxe4
Ke7 15. O-O d5 16. Nc5 Re8 17. Ba4 Kd6 18. Nb3 Nc4 19. Bf4+ Be5 20. Bxe5+ Rxe5
21. Nd4 Bd7 22. b4 Rae8 23. Bb3 Nd2 24. Rfd1 Nxb3 25. Nxb3 Bc8 26. Nc5 Re2 27.
c4 Rc2 28. cxd5 cxd5 29. a3 Ree2 30. Rf1 Bd7 31. Nb3 Ra2 32. g3 Bh3 33. Rxa2
Rxa2 34. Ra1 Rxa1+ 35. Nxa1 d4 36. f3 Kd5 37. Kf2 Kc4 38. Ke2 Kc3 39. b5 Be6
40. a4 Bc4+ 41. Kd1 d3 42. f4 Kb2 0-1

[Event "SR 4. liga A21 2009/2010"]
[Site "?"]
[Date "2009.10.25"]
[Round "2.2"]
[White "Nemeckay, Rastislav"]
[Black "Wallner, Juraj"]
[Result "1-0"]
[WhiteElo "1780"]
[BlackElo "1415"]
[PlyCount "49"]
[EventDate "2010.??.??"]

1. e4 c5 2. Nf3 e6 3. d4 d5 4. e5 Nc6 5. c3 cxd4 6. cxd4 Nge7 7. a3 a6 8. b4 b5
9. Bb2 Ng6 10. g3 Be7 11. Nbd2 O-O 12. Bg2 Bb7 13. O-O f6 14. exf6 Bxf6 15. Re1
Re8 16. Nb3 e5 17. Nc5 Bc8 18. Nxe5 Ngxe5 19. dxe5 Nxe5 20. Qxd5+ Be6 21. Qxd8
Raxd8 22. Bxe5 Bxe5 23. Rxe5 Bc8 24. Rxe8+ Rxe8 25. Kf1 1-0

[Event "SR 4. liga A21 2009/2010"]
[Site "?"]
[Date "2009.10.25"]
[Round "2.2"]
[White "Tomasovic, Pavol"]
[Black "Gasa, Patrik"]
[Result "0-1"]
[WhiteElo "1401"]
[BlackElo "1465"]
[PlyCount "94"]
[EventDate "2010.??.??"]

1. e4 c5 2. Nf3 Nc6 3. d4 cxd4 4. Nxd4 Nf6 5. Nc3 e5 6. Ndb5 d6 7. Bd3 a6 8.
Na3 b5 9. Nd5 Bb7 10. O-O Nxd5 11. exd5 Ne7 12. c4 bxc4 13. Bxc4 g6 14. f4 Bg7
15. fxe5 Bxe5 16. Rb1 O-O 17. b3 Nf5 18. Nc2 Qh4 19. g3 Nxg3 20. Rf2 Ne4 21.
Rg2 Nc3 22. Bg5 Qh3 23. Qg4 Qxg4 24. Rxg4 Nxb1 25. Nb4 f6 26. Be3 Na3 27. Bd3
f5 28. Rg2 a5 29. Nc6 Bxc6 30. dxc6 a4 31. b4 d5 32. Bc5 Rfc8 33. b5 Nxb5 34.
Bxb5 Ra5 35. Rd2 Rxb5 36. Rxd5 Rxc6 37. Rxe5 Rcxc5 38. Re2 a3 39. Re8+ Kf7 40.
Rh8 Kg7 41. Rd8 Rc1+ 42. Kg2 Rb2+ 43. Kg3 Rc3+ 44. Kf4 Rf2+ 45. Ke5 Re3+ 46.
Kd6 Rd2+ 47. Kc7 Rc3+ 0-1

[Event "SR 4. liga A21 2009/2010"]
[Site "?"]
[Date "2009.10.25"]
[Round "2.3"]
[White "Blanarik, Dominik"]
[Black "Planka, Peter"]
[Result "0-1"]
[WhiteElo "1570"]
[BlackElo "1776"]
[PlyCount "106"]
[EventDate "2010.??.??"]

1. e4 e5 2. Nf3 Nc6 3. Bb5 a6 4. Ba4 Nf6 5. O-O Be7 6. Re1 b5 7. Bb3 d6 8. h3
Bd7 9. a3 O-O 10. d4 exd4 11. Nxd4 Nxd4 12. Qxd4 c5 13. Qe3 c4 14. Ba2 Qc7 15.
Nc3 Bc6 16. Qg3 Rfe8 17. b3 cxb3 18. Bxb3 Bf8 19. f3 Nh5 20. Qh2 Bb7 21. Bb2
Qc5+ 22. Kh1 Qf2 23. Ne2 Rac8 24. Bd4 Qh4 25. g4 Nf6 26. Nc3 Nd7 27. Rad1 Ne5
28. Qg2 Nc6 29. Bf2 Qg5 30. Qg3 Na5 31. h4 Qe5 32. Qxe5 dxe5 33. Nd5 Nxb3 34.
cxb3 Bxa3 35. Ne3 Rcd8 36. Bg3 f6 37. Kh2 Bb4 38. Rxd8 Rxd8 39. Rd1 Rxd1 40.
Nxd1 Bc8 41. Ne3 Be6 42. Nd5 Bxd5 43. exd5 Kf7 44. g5 Ke7 45. Kh3 a5 46. Kg4 a4
47. bxa4 bxa4 48. Kf5 a3 49. gxf6+ gxf6 50. d6+ Bxd6 51. Be1 a2 52. Bc3 Bc5 53.
f4 Bd4 0-1

[Event "SR 4. liga A21 2009/2010"]
[Site "?"]
[Date "2009.10.25"]
[Round "2.3"]
[White "Damborsky, Pavol"]
[Black "Vach, Jozef"]
[Result "0-1"]
[WhiteElo "1667"]
[BlackElo "1907"]
[PlyCount "92"]
[EventDate "2010.??.??"]

1. c4 c5 2. Nc3 Nc6 3. g3 g6 4. Bg2 Bg7 5. e3 e6 6. Nge2 Nge7 7. O-O O-O 8. a3
d5 9. cxd5 exd5 10. d4 cxd4 11. Nxd4 Nxd4 12. exd4 Be6 13. Be3 Nf5 14. b4 Rc8
15. Rc1 Qd7 16. Qd2 Rc4 17. Ne2 b5 18. Rc3 Rfc8 19. Rfc1 a6 20. Bf1 Nxe3 21.
fxe3 Bh3 22. Bxh3 Qxh3 23. Nf4 Qf5 24. Nd3 Bh6 25. Nc5 Re8 26. Re1 Rxc3 27.
Qxc3 Qf3 28. Nd7 Bxe3+ 29. Rxe3 Qxe3+ 30. Qxe3 Rxe3 31. Nf6+ Kg7 32. Nxd5 Rxa3
33. Nc7 Kf8 34. Kg2 Ke7 35. Kh3 h6 36. Nd5+ Ke6 37. Nf4+ Kd6 38. Kg4 Rb3 39. h4
Rxb4 40. Ne2 a5 41. Kf3 a4 42. Ke4 a3 43. Nc3 Rb2 44. Kd3 a2 45. Nxa2 Rxa2 46.
Kc3 Ra3+ 0-1

[Event "SR 4. liga A21 2009/2010"]
[Site "?"]
[Date "2009.10.25"]
[Round "2.3"]
[White "Hrubsa, Marian"]
[Black "Cerovsky, Marian"]
[Result "0-1"]
[WhiteElo "1930"]
[BlackElo "1732"]
[PlyCount "74"]
[EventDate "2010.??.??"]

1. e4 e5 2. Nf3 Nc6 3. Bb5 a6 4. Bxc6 bxc6 5. d4 exd4 6. Nxd4 Bc5 7. O-O Qf6 8.
c3 Ne7 9. Be3 Bb6 10. Nd2 c5 11. N4b3 d6 12. Nc4 O-O 13. f4 Bb7 14. Qc2 Qe6 15.
Ncd2 f5 16. Rae1 fxe4 17. Kh1 Nf5 18. Bg1 Qh6 19. Bf2 e3 20. Rxe3 Qg6 21. Re4
Rae8 22. Rfe1 Rxe4 23. Nxe4 d5 24. Qe2 dxe4 25. Bxc5 Bxc5 26. Nxc5 Ba8 27. Nd7
Rd8 28. Ne5 Qe6 29. Qg4 Rd2 30. Nc4 Rd3 31. Ne3 g6 32. h4 Qf6 33. Nxf5 Qxf5 34.
Qxf5 gxf5 35. Re2 Bd5 36. Kg1 Kg7 37. Kf2 Bxa2 0-1

[Event "SR 4. liga A21 2009/2010"]
[Site "?"]
[Date "2009.10.25"]
[Round "2.3"]
[White "Kubik, Peter"]
[Black "Pisecky, Jan"]
[Result "1-0"]
[WhiteElo "1583"]
[BlackElo "1537"]
[PlyCount "33"]
[EventDate "2010.??.??"]

1. e4 e5 2. Nf3 d6 3. d4 Bg4 4. dxe5 Bxf3 5. Qxf3 dxe5 6. Bc4 Qd7 7. Nc3 a6 8.
Bg5 Bd6 9. O-O-O Nc6 10. Nd5 Na5 11. Nb6 cxb6 12. Rxd6 Qc7 13. Rhd1 f6 14. Be6
Nc6 15. Rd7 Qb8 16. Bxf6 gxf6 17. Bf7+ 1-0

[Event "SR 4. liga A21 2009/2010"]
[Site "?"]
[Date "2009.10.25"]
[Round "2.4"]
[White "Bjel, Lubos"]
[Black "Bjel, Jan"]
[Result "0-1"]
[WhiteElo "1621"]
[BlackElo "1837"]
[PlyCount "60"]
[EventDate "2010.??.??"]

1. e4 c5 2. Nc3 Nc6 3. d3 g6 4. f4 Bg7 5. Nf3 d6 6. g3 Nf6 7. Bg2 Bg4 8. h3 Be6
9. g4 Qc7 10. Bd2 a6 11. Qe2 b5 12. O-O-O b4 13. Nb1 Bxa2 14. e5 dxe5 15. fxe5
Nd7 16. Bf4 O-O 17. h4 b3 18. c3 Bxb1 19. Kxb1 Qa5 20. h5 Qa2+ 21. Kc1 Qa1+ 22.
Kd2 Qxb2+ 23. Ke1 Qxc3+ 24. Bd2 Qc2 25. Rc1 Qa2 26. hxg6 fxg6 27. e6 Nf6 28.
Ng5 Nd4 29. Qd1 Rab8 30. Ra1 Nc2+ 0-1

[Event "SR 4. liga A21 2009/2010"]
[Site "?"]
[Date "2009.10.25"]
[Round "2.4"]
[White "Krchnak, Rudolf"]
[Black "Blatnicky, Miroslav"]
[Result "1/2-1/2"]
[WhiteElo "1914"]
[BlackElo "2109"]
[PlyCount "37"]
[EventDate "2010.??.??"]

1. d4 Nf6 2. Nc3 d5 3. Bg5 Nbd7 4. Nf3 h6 5. Bh4 e6 6. Qd3 Be7 7. O-O-O O-O 8.
e4 dxe4 9. Nxe4 Nxe4 10. Qxe4 Bxh4 11. Qxh4 Qxh4 12. Nxh4 Nf6 13. f4 Ne4 14.
Re1 Nd6 15. g3 b6 16. Bg2 Bb7 17. Bxb7 Nxb7 18. c3 c5 19. Rd1 1/2-1/2

[Event "SR 4. liga A21 2009/2010"]
[Site "?"]
[Date "2009.10.25"]
[Round "2.4"]
[White "Lajda, Dusan"]
[Black "Kramarik, Peter"]
[Result "1/2-1/2"]
[WhiteElo "1872"]
[BlackElo "2017"]
[PlyCount "64"]
[EventDate "2010.??.??"]

1. e4 e5 2. Nf3 Nc6 3. Bc4 Be7 4. c3 Nf6 5. d3 O-O 6. O-O Re8 7. b4 a6 8. a4 d6
9. h3 h6 10. Be3 Nh7 11. d4 Ng5 12. Nxg5 Bxg5 13. Bxg5 Qxg5 14. Qf3 Rf8 15. d5
Ne7 16. Na3 Ng6 17. b5 a5 18. Rab1 b6 19. Qg3 Qxg3 20. fxg3 f5 21. Bd3 Ne7 22.
g4 fxe4 23. Rxf8+ Kxf8 24. Rf1+ Kg8 25. Bxe4 Bd7 26. Nc2 Rf8 27. Rxf8+ Kxf8 28.
Ne3 Kf7 29. Nf5 Kf6 30. Nxe7 Kxe7 31. Kf2 Kf6 32. g3 g5 1/2-1/2

[Event "SR 4. liga A21 2009/2010"]
[Site "?"]
[Date "2009.10.25"]
[Round "2.4"]
[White "Tomasovic, Juraj"]
[Black "Bjel, Tomas"]
[Result "0-1"]
[WhiteElo "1419"]
[BlackElo "1682"]
[PlyCount "46"]
[EventDate "2010.??.??"]

1. e4 b6 2. d4 Bb7 3. Nc3 e6 4. Bd2 Bb4 5. Bd3 Nf6 6. Qe2 Nc6 7. Nf3 d6 8. d5
exd5 9. exd5+ Ne7 10. a3 Bxc3 11. Bb5+ c6 12. dxc6 Bxd2+ 13. Nxd2 O-O 14. cxb7
Rb8 15. O-O-O Rxb7 16. Nc4 d5 17. Ba6 Rc7 18. Rhe1 Re8 19. Bb5 Nc6 20. Rxd5 Qc8
21. Ne5 Nxd5 22. Qh5 Nxe5 23. Bd3 Nxd3+ 0-1

[Event "SR 4. liga A21 2009/2010"]
[Site "?"]
[Date "2009.10.25"]
[Round "2.4"]
[White "Tomasovic, Martin"]
[Black "Lanyi, Frantisek"]
[Result "0-1"]
[WhiteElo "1534"]
[BlackElo "1714"]
[PlyCount "66"]
[EventDate "2010.??.??"]

1. e4 e5 2. Nf3 Nc6 3. Bb5 Nf6 4. Nc3 a6 5. Be2 Bb4 6. a3 Bxc3 7. bxc3 Nxe4 8.
O-O d6 9. Bb2 Bg4 10. h3 Bh5 11. d3 Nf6 12. Ng5 Bxe2 13. Qxe2 O-O 14. f4 exf4
15. Rxf4 Re8 16. Qd2 Re7 17. Re1 Rxe1+ 18. Qxe1 Qe7 19. Qxe7 Nxe7 20. Nf3 Ng6
21. Rb4 b5 22. a4 c5 23. Re4 Nxe4 24. dxe4 bxa4 25. c4 Re8 26. Nd2 Ne5 27. Bxe5
Rxe5 28. Kf2 a3 29. Kf3 a2 30. Nb3 a5 31. g4 Re8 32. c3 Rb8 33. Na1 Rb1 0-1

[Event "SR 4. liga A21 2009/2010"]
[Site "?"]
[Date "2009.10.25"]
[Round "2.5"]
[White "Drabek, Martin"]
[Black "Sadlon, Matus"]
[Result "1-0"]
[WhiteElo "1449"]
[BlackElo "1482"]
[PlyCount "89"]
[EventDate "2010.??.??"]

1. e4 e6 2. Nf3 Nc6 3. Bc4 d5 4. exd5 exd5 5. Bb3 Bd6 6. Bxd5 Qe7+ 7. Qe2 Qxe2+
8. Kxe2 Nb4 9. Bb3 Be6 10. c3 Nd5 11. Re1 Nf4+ 12. Kf1 O-O-O 13. Bxe6+ Nxe6 14.
d4 Nf6 15. Bg5 Nxg5 16. Nxg5 Rd7 17. h3 Re8 18. Nd2 Rxe1+ 19. Rxe1 Bf4 20. Nge4
Nxe4 21. Nxe4 Re7 22. g3 f5 23. gxf4 fxe4 24. f3 e3 25. Ke2 Kd7 26. Kd3 e2 27.
Rxe2 Rxe2 28. Kxe2 Kd6 29. Kd3 Kd5 30. c4+ Ke6 31. Ke4 c6 32. b4 b6 33. d5+
cxd5+ 34. cxd5+ Kd6 35. f5 a6 36. f4 a5 37. bxa5 bxa5 38. a4 h6 39. h4 h5 40.
Kd4 Ke7 41. Ke5 Kd7 42. f6 gxf6+ 43. Kxf6 Kd6 44. f5 Kd7 45. Kg7 1-0

[Event "SR 4. liga A21 2009/2010"]
[Site "?"]
[Date "2009.10.25"]
[Round "2.5"]
[White "Leska, Marian"]
[Black "Likavska, Barbora"]
[Result "1/2-1/2"]
[WhiteElo "1668"]
[BlackElo "1866"]
[PlyCount "37"]
[EventDate "2010.??.??"]

1. d4 Nf6 2. c4 g6 3. Nc3 Bg7 4. e4 d6 5. f4 O-O 6. Nf3 Nbd7 7. Be2 c5 8. d5 a6
9. O-O Rb8 10. a4 h6 11. Qc2 Nh7 12. Rb1 e5 13. fxe5 Nxe5 14. Nxe5 Bxe5 15. Bf4
Bd4+ 16. Kh1 Bg7 17. Bd3 Qc7 18. Rbe1 Re8 19. Nd1 1/2-1/2

[Event "SR 4. liga A21 2009/2010"]
[Site "?"]
[Date "2009.10.25"]
[Round "2.5"]
[White "Pericka, Tomas"]
[Black "Vogl, Zdenek"]
[Result "1-0"]
[WhiteElo "1910"]
[BlackElo "1887"]
[PlyCount "67"]
[EventDate "2010.??.??"]

1. e4 e5 2. f4 exf4 3. Nf3 d6 4. d4 Bg4 5. Bc4 Bxf3 6. Qxf3 Nc6 7. c3 Qd7 8.
Bb5 a6 9. Ba4 b5 10. Bc2 g5 11. b4 Bg7 12. a4 Rb8 13. axb5 axb5 14. Nd2 Nge7
15. Nb3 O-O 16. h4 f6 17. Bd2 h6 18. Nc1 Rfe8 19. O-O Ng6 20. hxg5 fxg5 21. e5
Nce7 22. Bb3+ d5 23. Nd3 Nh4 24. Qh5 Qf5 25. Nc5 Rf8 26. Bxf4 gxf4 27. Qxh4
Rbe8 28. Ra7 f3 29. Rxc7 Qg6 30. Qh3 Rf5 31. Bc2 Ref8 32. Rxe7 Qg5 33. Rxg7+
Kxg7 34. Ne6+ 1-0

[Event "SR 4. liga A21 2009/2010"]
[Site "?"]
[Date "2009.10.25"]
[Round "2.5"]
[White "Spacek, Marcel"]
[Black "Bartos, Bohumil"]
[Result "1-0"]
[WhiteElo "1585"]
[BlackElo "1572"]
[PlyCount "57"]
[EventDate "2010.??.??"]

1. d4 Nf6 2. c4 g6 3. Nc3 d6 4. e4 Bg7 5. f3 O-O 6. Be3 e5 7. d5 Nbd7 8. Qd2
Ne8 9. g4 Nc5 10. Nge2 b6 11. Ng3 Bd7 12. h4 f6 13. g5 f5 14. exf5 Bxf5 15.
Nxf5 Rxf5 16. Bxc5 bxc5 17. Bh3 Rxf3 18. Be6+ Kh8 19. h5 gxh5 20. Rxh5 Qe7 21.
O-O-O Qf8 22. Qh2 Qf4+ 23. Qxf4 Rxf4 24. Rdh1 h6 25. gxh6 Bf8 26. Rg5 Nf6 27.
h7 Rxc4 28. Rg8+ Nxg8 29. hxg8=Q# 1-0

[Event "SR 4. liga A21 2009/2010"]
[Site "?"]
[Date "2009.10.25"]
[Round "2.5"]
[White "Vepy, Ivan"]
[Black "Spacek, Oliver"]
[Result "1/2-1/2"]
[WhiteElo "1920"]
[BlackElo "1779"]
[PlyCount "94"]
[EventDate "2010.??.??"]

1. e4 c5 2. Nf3 Nc6 3. d4 cxd4 4. Nxd4 Nf6 5. Nc3 e5 6. Nxc6 bxc6 7. a3 Be7 8.
Be2 O-O 9. O-O d5 10. exd5 cxd5 11. Bg5 Bb7 12. Re1 h6 13. Bh4 d4 14. Na4 Nd7
15. Bxe7 Qxe7 16. f4 Nc5 17. Bb5 Bxg2 18. Rxe5 Ne6 19. Qg4 Bb7 20. Nc5 Qc7 21.
Nxb7 Qxb7 22. Bd3 Rac8 23. Rf1 Nc5 24. Bf5 Rc7 25. b4 Nd7 26. Bxd7 Rxd7 27. f5
f6 28. Re6 Kh8 29. Rfe1 Qc8 30. R1e2 d3 31. cxd3 Rxd3 32. Re7 Rg8 33. Qg6 Qc1+
34. Re1 Rd1 35. Qg3 Rxe1+ 36. Rxe1 Qc4 37. Re3 Rd8 38. Qf3 Qc1+ 39. Kg2 Qc2+
40. Re2 Rd2 41. Rxd2 Qxd2+ 42. Qf2 Qg5+ 43. Kh3 Qh5+ 44. Kg2 Qg4+ 45. Qg3 Qe2+
46. Qf2 Qg4+ 47. Kf1 Qd1+ 1/2-1/2

[Event "SR 4. liga A21 2009/2010"]
[Site "?"]
[Date "2009.10.25"]
[Round "2.6"]
[White "Gono, Michal"]
[Black "Palka, Martin"]
[Result "1/2-1/2"]
[WhiteElo "1852"]
[BlackElo "1889"]
[PlyCount "52"]
[EventDate "2010.??.??"]

1. c4 Nf6 2. Nc3 d6 3. g3 e5 4. Bg2 Nbd7 5. e3 c6 6. Nge2 g6 7. O-O Bg7 8. d4
O-O 9. d5 c5 10. a3 Ne8 11. e4 f5 12. Rb1 h6 13. f4 Ndf6 14. Kh1 Kh7 15. b4
cxb4 16. axb4 b6 17. c5 Nxe4 18. Nxe4 fxe4 19. Bxe4 Bf5 20. Bxf5 Rxf5 21. fxe5
Rxf1+ 22. Qxf1 dxc5 23. Qf7 Qc7 24. Qxc7 Nxc7 25. bxc5 Nxd5 26. cxb6 Nxb6
1/2-1/2

[Event "SR 4. liga A21 2009/2010"]
[Site "?"]
[Date "2009.10.25"]
[Round "2.6"]
[White "Lanik, Miroslav"]
[Black "Bardik, Jozef"]
[Result "1-0"]
[WhiteElo "1745"]
[BlackElo "1813"]
[PlyCount "89"]
[EventDate "2010.??.??"]

1. e4 c6 2. d4 d5 3. e5 Bf5 4. Nf3 e6 5. Be2 a6 6. O-O c5 7. Be3 cxd4 8. Nxd4
Bg6 9. c4 dxc4 10. Qa4+ Nd7 11. Qxc4 Nxe5 12. Qa4+ Nd7 13. Bf3 Qb8 14. Nc3 Ngf6
15. Rad1 Be7 16. Nb3 Bc2 17. Rd2 Bxb3 18. Qxb3 Bc5 19. Ne4 Bxe3 20. Nd6+ Ke7
21. Qxe3 Rd8 22. Nxb7 Ra7 23. Qa3+ Ke8 24. Nxd8 Qxd8 25. Rfd1 Qc8 26. Qa4 Rc7
27. h3 Rc4 28. Qb3 Rc7 29. Rd3 h6 30. Rc3 Ne5 31. Rxc7 Nxf3+ 32. Qxf3 Qxc7 33.
Qa8+ Ke7 34. Qxa6 Nd5 35. Qa3+ Kf6 36. Qf3+ Kg6 37. Qe4+ Kf6 38. Qh4+ Kg6 39.
Qg3+ Qxg3 40. fxg3 Kf6 41. a4 Ke5 42. a5 Kd6 43. b4 Kc6 44. Rxd5 exd5 45. Kf2
1-0

[Event "SR 4. liga A21 2009/2010"]
[Site "?"]
[Date "2009.10.25"]
[Round "2.6"]
[White "Nedorost, Lubomir"]
[Black "Tokos, Rastislav"]
[Result "0-1"]
[WhiteElo "1620"]
[BlackElo "1926"]
[PlyCount "92"]
[EventDate "2010.??.??"]

1. d4 d5 2. f4 Nf6 3. Nf3 e6 4. e3 c5 5. c3 Nc6 6. Bb5 Bd7 7. O-O a6 8. Ba4 b5
9. Bc2 c4 10. Ne5 Bd6 11. Nd2 h5 12. Ndf3 Ng4 13. h3 Ngxe5 14. Nxe5 Ne7 15. Qf3
f6 16. Bg6+ Nxg6 17. Nxg6 Rh6 18. Ne5 f5 19. Qg3 Qf6 20. Bd2 h4 21. Qf2 Bxe5
22. fxe5 Qg6 23. e4 dxe4 24. Bxh6 Qxh6 25. Rae1 Bc6 26. Qe3 Qxe3+ 27. Rxe3 Kf7
28. Kh2 g5 29. Ree1 f4 30. Kg1 Kg6 31. Ra1 Kf5 32. Rae1 Rg8 33. Re3 Rb8 34. a3
a5 35. Ree1 g4 36. Re3 Kg5 37. Re2 f3 38. gxf3 gxf3 39. Ree1 Kf4 40. Kf2 Rg8
41. Rg1 Rg3 42. Ref1 e3+ 43. Ke1 f2+ 44. Rxf2+ exf2+ 45. Kxf2 Rxg1 46. Kxg1 Kg3
0-1

[Event "SR 4. liga A21 2009/2010"]
[Site "?"]
[Date "2009.10.25"]
[Round "2.6"]
[White "Nemsak, Denis"]
[Black "Bendzela, Tibor"]
[Result "1-0"]
[WhiteElo "1645"]
[BlackElo "1455"]
[PlyCount "85"]
[EventDate "2010.??.??"]

1. c4 c5 2. Nc3 Nc6 3. d3 d6 4. g3 g6 5. Bg2 Bg7 6. Nf3 Nf6 7. O-O O-O 8. a3 a6
9. Rb1 Re8 10. Bd2 e5 11. b4 cxb4 12. axb4 a5 13. b5 Nd4 14. Nxd4 exd4 15. Nd5
Nxd5 16. Bxd5 Rb8 17. b6 Bg4 18. f3 Bh3 19. Re1 Qd7 20. Bxa5 Be6 21. Bxe6 Qxe6
22. Kg2 Bf6 23. Rb5 h5 24. h4 Rbc8 25. Bb4 Be5 26. Qd2 Ra8 27. e4 Qd7 28. Rd5
Ra4 29. Rb1 Rea8 30. Rb2 Ra1 31. f4 Bg7 32. Bxd6 Qg4 33. Rg5 Qd7 34. Be5 Bh6
35. f5 Kh7 36. g4 Bxg5 37. Qxg5 Qe8 38. gxh5 Qxe5 39. fxg6+ fxg6 40. hxg6+ Kg8
41. Qxe5 Rf8 42. Rf2 Rxf2+ 43. Kxf2 1-0

[Event "SR 4. liga A21 2009/2010"]
[Site "?"]
[Date "2009.10.25"]
[Round "2.6"]
[White "Sukopcak, Miroslav"]
[Black "Lesay, Dominik"]
[Result "1/2-1/2"]
[WhiteElo "1725"]
[BlackElo "1607"]
[PlyCount "91"]
[EventDate "2010.??.??"]

1. e4 e5 2. Nf3 d6 3. d4 Bg4 4. d5 Nf6 5. Nc3 Be7 6. Be2 O-O 7. Bg5 Nbd7 8. h3
Bxf3 9. Bxf3 Nxd5 10. Qxd5 Bxg5 11. Qxb7 Rb8 12. Qxa7 Rxb2 13. Bd1 Nc5 14. O-O
f5 15. Qa3 Qb8 16. exf5 Rxf5 17. Na4 Nxa4 18. Qxa4 Qb5 19. Qa8+ Rf8 20. Qe4 Bd2
21. Be2 Qc5 22. Bd3 g6 23. Bc4+ Kg7 24. Bb3 Bc3 25. Rad1 Bd4 26. Qh4 Rf4 27.
Qg3 h5 28. h4 Rg4 29. Qh3 Rf4 30. Qh2 Kh6 31. g3 Kg7 32. Qg2 c6 33. Rd2 Bc3 34.
Re2 Rd4 35. Qf3 Rxb3 36. cxb3 Bb4 37. Qe3 Qb5 38. Rc2 Bc5 39. Qg5 Qb7 40. Qc1
Qf7 41. Rc4 Rd3 42. Rc3 Rd4 43. Kg2 Qd5+ 44. Kg1 e4 45. Qf4 Rd2 46. Qg5 1/2-1/2

[Event "SR 4. liga A21 2009/2010"]
[Site "?"]
[Date "2009.11.08"]
[Round "3.1"]
[White "Kupkovic, Miroslav"]
[Black "Lanik, Miroslav"]
[Result "1/2-1/2"]
[WhiteElo "1690"]
[BlackElo "1745"]
[PlyCount "43"]
[EventDate "2010.??.??"]

1. c4 Nf6 2. Nc3 e5 3. g3 c6 4. Bg2 d5 5. cxd5 cxd5 6. d3 Nc6 7. Nf3 Be7 8. O-O
Be6 9. Bd2 O-O 10. a3 h6 11. Rc1 a6 12. Ne1 Rc8 13. Nc2 d4 14. Ne4 Nxe4 15.
Bxe4 f5 16. Bxc6 Rxc6 17. Ne1 Rxc1 18. Qxc1 Qc8 19. Nf3 Bf6 20. Qxc8 Rxc8 21.
Rc1 Rxc1+ 22. Bxc1 1/2-1/2

[Event "SR 4. liga A21 2009/2010"]
[Site "?"]
[Date "2009.11.08"]
[Round "3.1"]
[White "Palka, Martin"]
[Black "Slaby, Jozef"]
[Result "1/2-1/2"]
[WhiteElo "1889"]
[BlackElo "1963"]
[PlyCount "51"]
[EventDate "2010.??.??"]

1. e4 c6 2. d4 d5 3. e5 Bf5 4. Nf3 e6 5. Be2 Ne7 6. O-O h6 7. Be3 Nd7 8. c4 g5
9. Nc3 Bg7 10. c5 Rc8 11. b4 b6 12. a4 bxc5 13. bxc5 Qa5 14. Qd2 f6 15. exf6
Nxf6 16. Ne5 Nd7 17. Nd3 Rf8 18. Rfb1 Bxd3 19. Bxd3 Nxc5 20. Ra2 Nxd3 21. Qxd3
Nf5 22. Rb7 Rf7 23. Rab2 Rxb7 24. Rxb7 Rc7 25. Rb8+ Kf7 26. f4 1/2-1/2

[Event "SR 4. liga A21 2009/2010"]
[Site "?"]
[Date "2009.11.08"]
[Round "3.1"]
[White "Piestansky, Jan"]
[Black "Bendzela, Tibor"]
[Result "1/2-1/2"]
[WhiteElo "1586"]
[BlackElo "1455"]
[PlyCount "69"]
[EventDate "2010.??.??"]

1. e4 d5 2. exd5 Qxd5 3. d4 Nf6 4. h3 c6 5. Nf3 Bf5 6. c3 e6 7. Bd3 Bg6 8. Bf4
Nbd7 9. O-O Be7 10. Bc2 Nh5 11. Bh2 f5 12. Bb3 Qb5 13. Nbd2 Bf7 14. Bc7 b6 15.
Ne5 Nxe5 16. Bxe5 O-O 17. f4 Ng3 18. Re1 Bh5 19. Qc2 Qa6 20. Bxe6+ Bf7 21.
Bxf7+ Rxf7 22. Nf3 Rd8 23. Qb3 Kf8 24. Ng5 Bxg5 25. fxg5 f4 26. Rad1 Ne2+ 27.
Kh2 f3 28. Rf1 f2 29. Rd2 Nxd4 30. Qxf7+ Kxf7 31. Rfxf2+ Kg8 32. cxd4 Qxa2 33.
Rf1 c5 34. Rff2 cxd4 35. Bxd4 1/2-1/2

[Event "SR 4. liga A21 2009/2010"]
[Site "?"]
[Date "2009.11.08"]
[Round "3.1"]
[White "Tokos, Rastislav"]
[Black "Pripko, Bystrik"]
[Result "0-1"]
[WhiteElo "1926"]
[BlackElo "1591"]
[PlyCount "42"]
[EventDate "2010.??.??"]

1. e4 e5 2. Nf3 Nc6 3. d4 exd4 4. Nxd4 Nxd4 5. Qxd4 d6 6. Bc4 Be6 7. O-O Nf6 8.
Bxe6 fxe6 9. Nc3 e5 10. Qd3 a6 11. Bg5 h6 12. Qh3 Be7 13. Bxf6 Bxf6 14. Nd5 O-O
15. f4 exf4 16. Nxf4 Bxb2 17. Ne6 Rxf1+ 18. Rxf1 Qe7 19. Qb3 Kh8 20. Nxc7 Bd4+
21. Kh1 Qxc7 0-1

[Event "SR 4. liga A21 2009/2010"]
[Site "?"]
[Date "2009.11.08"]
[Round "3.1"]
[White "Turza, Marian"]
[Black "Piestansky, Dusan"]
[Result "1-0"]
[WhiteElo "1000"]
[BlackElo "1456"]
[PlyCount "67"]
[EventDate "2010.??.??"]

1. e4 e5 2. Nf3 Nc6 3. Bb5 Nf6 4. d3 Be7 5. O-O h6 6. a3 a6 7. Ba4 b5 8. Bb3 d6
9. h3 Be6 10. Nbd2 O-O 11. c3 Na5 12. a4 bxa4 13. Rxa4 Nc6 14. Nh4 Nh7 15. Nf5
Bxb3 16. Qxb3 g6 17. Nxh6+ Kg7 18. Nf3 Rb8 19. Qc2 Ra8 20. Qb3 Qd7 21. Qc4 Nb8
22. b3 c5 23. d4 cxd4 24. cxd4 Qc6 25. Qxc6 Nxc6 26. d5 Nd4 27. Nxd4 exd4 28.
Rxd4 Bf6 29. Rd3 Rfe8 30. Ng4 Rxe4 31. Rf3 Rb8 32. Bh6+ Kg8 33. Nxf6+ Nxf6 34.
Rxf6 1-0

[Event "SR 4. liga A21 2009/2010"]
[Site "?"]
[Date "2009.11.08"]
[Round "3.2"]
[White "Matejovic, Ludovit"]
[Black "Skapik, Branislav"]
[Result "0-1"]
[WhiteElo "1609"]
[BlackElo "1847"]
[PlyCount "62"]
[EventDate "2010.??.??"]

1. e4 e5 2. Nf3 Nc6 3. Bc4 Bc5 4. Nc3 Nf6 5. d3 h6 6. O-O d6 7. h3 O-O 8. Re1
a6 9. Nd5 b5 10. Nxf6+ Qxf6 11. Bd5 Bd7 12. c3 Rab8 13. Be3 Bxe3 14. Rxe3 Ne7
15. Bb3 Ng6 16. d4 Be6 17. dxe5 dxe5 18. Bxe6 Qxe6 19. Nh2 Rbd8 20. Rd3 Qe7 21.
Qf3 Rxd3 22. Qxd3 Rd8 23. Qc2 Qd6 24. Nf3 Nf4 25. Kf1 Qg6 26. Ne1 Qc6 27. h4
Rd6 28. b3 Qd7 29. f3 Rd2 30. Qc1 Nh3 31. Nc2 Qd3+ 0-1

[Event "SR 4. liga A21 2009/2010"]
[Site "?"]
[Date "2009.11.08"]
[Round "3.2"]
[White "Spacek, Oliver"]
[Black "Gono, Michal"]
[Result "1-0"]
[WhiteElo "1779"]
[BlackElo "1852"]
[PlyCount "77"]
[EventDate "2010.??.??"]

1. d4 Nf6 2. c4 c5 3. d5 b5 4. cxb5 a6 5. b6 Qxb6 6. Nc3 d6 7. e4 g6 8. f4 Bg4
9. Qc2 Qc7 10. h3 Bc8 11. Nf3 Nbd7 12. Bc4 Bg7 13. O-O O-O 14. Re1 Nb6 15. b3
Nxc4 16. bxc4 e6 17. e5 Ne8 18. Bb2 Rb8 19. Rab1 exd5 20. Nxd5 Qd8 21. g4 h5
22. f5 hxg4 23. hxg4 gxf5 24. gxf5 dxe5 25. Bxe5 Rxb1 26. Qxb1 Nd6 27. Ne7+
Qxe7 28. Bxg7 Qc7 29. Bxf8 Kxf8 30. Qb2 Kg8 31. Qg2+ Kf8 32. Qh3 Kg7 33. Qg4+
Kh8 34. Qh5+ Kg8 35. f6 Be6 36. Qg5+ Kf8 37. Qg7+ Ke8 38. Qg8+ Kd7 39. Ne5# 1-0